Normal view
MARC view
- Barrett, Richard.T Armstrong, Keith.B
Entry Personal Name
001 - CONTROL NUMBER
- control field: 77533
003 - CONTROL NUMBER IDENTIFIER
- control field: NUST
005 - DATE AND TIME OF LATEST TRANSACTION
- control field: 20210628205931.0
008 - FIXED-LENGTH DATA ELEMENTS
- fixed length control field: 210628|| aca||aabn | a|a d
040 ## - CATALOGING SOURCE
- Original cataloging agency: NUST
- Transcribing agency: NUST
100 ## - HEADING--PERSONAL NAME
- Personal name: Barrett, Richard.T Armstrong, Keith.B
670 ## - SOURCE DATA FOUND
- Source citation: Work cat.: (NUST): Barrett, Richard.T Armstrong, Keith.B, Care and repair of advanced composites, 1998
